| 000 | 00388nam a22001577a 4500 | ||
|---|---|---|---|
| 999 |
_c4069 _d4069 |
||
| 003 | GBCCL | ||
| 005 | 20241126110510.0 | ||
| 008 | 180110b xxu||||| |||| 00| 0 eng d | ||
| 040 | _cgbc | ||
| 082 |
_a242.5 _bTAS |
||
| 245 |
_aO taste and See: _bPsalm 34:8 |
||
| 260 |
_bJarman Foundation, _aNashville: _c1957 |
||
| 300 | _c20 cm. | ||
| 650 |
_aDevotional literature _9489 |
||
| 942 |
_2ddc _cBK |
||